All Elektronomia Debuts on NCS - Statistics

General Stats
  • This quiz has been taken 16 times
  • The average score is 11 of 15
Answer Stats
Feat. Title Views % Correct
- Energy 75M
100%
- Limitless 58M
100%
- Sky High 263M
100%
RUD Memory 6,8M
82%
- Collide 3,3M
73%
JJD Free 15M
73%
- Heaven 4,4M
73%
RUD Rollercoaster 2,2M
73%
- Sky High pt. II 10M
73%
Lunaar, Donna Tella Champions 1,6M
64%
- Summersong 2018 15M
64%
- The Other Side 9,9M
64%
- Vitality 7,1M
64%
Stahl!, RUD Caramel 1,4M
55%
- Breeze 3,4M
45%
No matching quizzes found
Score Distribution
Percent of People with Each Score
Percentile by Number Answered
Your Score History
You have not taken this quiz